| 000 | 00948nam a2200217Ia 4500 | ||
|---|---|---|---|
| 001 | 2118 | ||
| 005 | 20260422140121.0 | ||
| 008 | 260306t2014||||xx |||||||||||||| ||spa|| | ||
| 041 | _aESP | ||
| 082 |
_a613.019 _bS21 |
||
| 100 |
_aSanjuán Suárez, Pilar _eAUT |
||
| 245 | 0 | _aPromoción y prevención de la salud desde la psicología | |
| 260 | _c2014 | ||
| 300 |
_a166 páginas : _c23 cm. |
||
| 650 | _aGEN | ||
| 654 | _aCPS | ||
| 856 |
_uhttps://0u216xhg7-y-https-accessmedicina-mhmedical-com.itmsp.museknowledge.com/book.aspx?bookid=1459 _zVéase además: Promoción de la salud en el ciclo de vida. Versión digital |
||
| 856 |
_uhttps://0u216xhg7-y-https-accessmedicina-mhmedical-com.itmsp.museknowledge.com/ _zVéase además: Base de datos McGraw Hill Access Medicina |
||
| 856 |
_uhttps://0u23fxi60-y-https-www-clinicalkey-com.itmsp.museknowledge.com/student/login _zVéase además: Base de datos ClinicalKey |
||
| 942 |
_cLIB _dJUS _fJUS _2ddc |
||
| 999 |
_c2118 _d2118 |
||